000 00293nam a2200121Ia 4500
008 190216s9999||||xx |||||||||||||| ||und||
100 _aThara Ram
245 0 _aHindi - Boudh Dharam Ka Moot T0dva
260 _bRajasthani Boudh Prakasan
_c2002
300 _a96
650 _aHindi
942 _cBK
999 _c16117
_d16117